Компании-лидеры на мировых энергетических рынках: позиции в межтопливной конкуренции, новые стратегии, новые рынки: учебное пособие

書誌詳細
第一著者: Ластовская М. Р. Марина Ростиславовна
団体著者: Российский государственный университет нефти и газа им. И. М. Губкина (570)
要約:В учебном пособии рассмотрены общие тренды в разработке стратегии позиционирования на рынках для нефтегазовых и электроэнергетических компаний-лидеров. Подробно рассмотрены стратегии ряда конкретных компаний-лидеров с учетом всех тенденций на энергетических рынках в новых условиях. Рассмотрены перспективы участия российских энергетических компаний-лидеров в межтопливной конкуренции, с учетом санкционного давления и переориентации на новые рынки. Сформулированы общие выводы по формированию межтопливной конкуренции на энергетических рынках мира и позиций энергетических лидеров.
言語:ロシア語
出版事項: Москва, Русайнс, 2025
主題:
フォーマット: 図書
KOHA link:https://koha.lib.tpu.ru/cgi-bin/koha/opac-detail.pl?biblionumber=679717

MARC

LEADER 00000nam0a2200000 4500
001 679717
005 20250506145130.0
010 |a 978-5-466-09075-8 
090 |a 679717 
100 |a 20250416d2025 m||y0rusy50 ca 
101 0 |a rus 
102 |a RU 
105 |a a j 001yy 
181 0 |a i   |b  e  
182 0 |a n 
183 0 |a nc  |2 RDAcarrier 
200 1 |a Компании-лидеры на мировых энергетических рынках: позиции в межтопливной конкуренции, новые стратегии, новые рынки  |e учебное пособие  |f М. Р. Ластовская  |g Российский государственный университет нефти и газа им. И. М. Губкина, Факультет международного энергетического бизнеса 
203 |a Текст  |b визуальный  |c непосредственный 
210 |a Москва  |c Русайнс  |d 2025 
215 |a 76 с.   |c ил. 
283 |a volume  |2 RDAcarrier 
320 |a Список литературы: с. 73-75 
330 |a В учебном пособии рассмотрены общие тренды в разработке стратегии позиционирования на рынках для нефтегазовых и электроэнергетических компаний-лидеров. Подробно рассмотрены стратегии ряда конкретных компаний-лидеров с учетом всех тенденций на энергетических рынках в новых условиях. Рассмотрены перспективы участия российских энергетических компаний-лидеров в межтопливной конкуренции, с учетом санкционного давления и переориентации на новые рынки. Сформулированы общие выводы по формированию межтопливной конкуренции на энергетических рынках мира и позиций энергетических лидеров. 
606 1 |a Мировой рынок энергоресурсов  |9 86539 
610 1 |a мировые энергетические рынки 
610 1 |a межтопливная конкуренция 
610 1 |a энергетические компании 
610 1 |a лидеры 
610 1 |a электроэнергетические компании 
610 1 |a инновации 
610 1 |a иностранные инвестиции 
610 1 |a стратегии 
610 1 |a углеводородная энергетика 
610 1 |a Франция 
610 1 |a Россия 
610 1 |a атомная энергетика 
610 1 |a Африка 
610 1 |a Новатэк 
610 1 |a Росатом 
610 1 |a энергетические лидеры 
610 1 |a учебные пособия 
686 |2 rubbk  |a У584.3я73 
700 1 |a Ластовская  |b М. Р.  |g Марина Ростиславовна 
712 0 2 |a Российский государственный университет нефти и газа им. И. М. Губкина  |c (Москва)  |c (1998- )  |4 570  |9 23405 
801 0 |a RU  |b 63413507  |c 20250415 
850 |a 63413507 
942 |c BK